Name a Hall of Famer From Each NBA Team - Statistics

General Stats
  • This quiz has been taken 2,429 times
  • The average score is 23 of 29
Answer Stats
Team Player % Correct
Boston Celtics Bill Russell...
98%
Chicago Bulls Michael Jordan...
97%
Atlanta Hawks Bob Pettit...
90%
Brooklyn Nets Jason Kidd...
89%
Los Angeles Lakers Kobe Bryant...
89%
Miami Heat Dwyane Wade...
88%
Detroit Pistons Bob Lanier...
87%
Dallas Mavericks Dirk Nowitzki...
87%
Houston Rockets Hakeem Olajuwon...
86%
San Antonio Spurs TIm Duncan...
86%
Philadelphia 76ers Dolph Schayes...
85%
Phoenix Suns Steve Nash...
85%
Indiana Pacers Reggie Miller...
84%
Milwaukee Bucks Kareem Abdul-Jabbar
83%
Utah Jazz Karl Malone...
83%
New York Knicks Patrick Ewing...
83%
Minnesota Timberwolves Kevin Garnett...
82%
Golden State Warriors Wilt Chamberlain...
82%
Orlando Magic Shaquille O'Neal...
81%
Portland Trail Blazers Clyde Drexler...
79%
Denver Nuggets Dan Issel...
77%
Washington Wizards Wes Unseld...
76%
Sacramento Kings Oscar Robertson...
74%
Memphis Grizzlies Pau Gasol...
74%
Oklahoma City Thunder Gary Payton...
73%
Toronto Raptors Chris Bosh...
65%
Charlotte Hornets Alonzo Mourning...
62%
Los Angeles Clippers Bob McAdoo...
58%
Cleveland Cavaliers Walt Frazier...
58%
No matching quizzes found
Score Distribution
Percent of People with Each Score
Percentile by Number Answered
Your Score History
You have not taken this quiz